Angielski str. 148 - Statystyki

Ogólne statystyki
  • Ten quiz został rozwiązany 25 razy
  • Średni wynik to 7 z 50
Statystyki odpowiedzi
Hint Odpowiedź % Poprawnych
thriller thriller
53%
western western
53%
kreskówka cartoon
47%
komiks comic
47%
film dokumentalny documentary
47%
scena scene
47%
film przygodowy adventure film
33%
rozdział chapter
33%
film fantasy fantasy film
33%
fabuła plot
33%
obsada cast
27%
autobiografia autobiography
20%
poezja poetry
20%
wydawca publisher
20%
zwiastun trailer
20%
film animowany animated film
13%
hit kinowy blockbuster
13%
okładka cover
13%
literatura kryminalna crime
13%
obraz olejny oil painting
13%
portret portrait
13%
film szpiegowski spy film
13%
pierwsze wydanie first edition
7%
galeria sztuki gallery
7%
pejzaż landscape
7%
komedia romantyczna romcom
7%
autoportret self-portrait
7%
kontynuacja filmu/książki sequel
7%
plan filmowy set
7%
szkic sketch
7%
rzeźba statue
7%
martwa natura still life
7%
rola tytułowa title role
7%
farby akwarelowe watercolours
7%
wystawa dzieł art exhibition
0%
biały wiersz blank verse
0%
notatka wydawnicza na okładce książki blurb
0%
mól książkowy bookworm
0%
klapa finansowa box-office disaster
0%
sukces kasowy box-office hit
0%
popiersie bust
0%
zbliżenie close-up
0%
statysta extra
0%
beletrystyka fiction
0%
książka w twardej oprawie hardback
0%
główna rola leading role
0%
literatura faktu non-fiction
0%
fantastyka naukowa science fiction film
0%
opowiadanie short story
0%
aktor drugoplanowy supporting actor
0%
Nie znaleziono quizów pasujących do podanych kryteriów
Rozkład punktacji
Procent ludzi z każdym wynikiem
Percentyl według liczby udzielonych odpowiedzi
Twoja historia wyników
Nie rozwiązałeś tego quizu